The West in crisis.

Bibliographic Details
Main Author: Warburg, James P. (James Paul), 1896-1969
Format: Book
Language:English
Published: Garden City, N.Y. : Doubleday, 1959.
Edition:[1st ed.].
Subjects:

MARC

Tag First Indicator Second Indicator Subfields
LEADER 00000cam a2200000 4500
001 in00000084800
005 20151008053226.0
008 720623s1959 nyu 00000 eng u
010 |a  59009145  
035 |a (OCoLC)00339702 
035 |9 AAH6725AM 
040 |c KSU  |d TXA  |d UtOrBLW 
049 |a TXAM  |c [309622] 
050 0 |a CB425  |b .W28 
092 |a 327.73  |b W253w 
100 1 |a Warburg, James P.  |q (James Paul),  |d 1896-1969. 
245 1 4 |a The West in crisis. 
250 |a [1st ed.]. 
264 1 |a Garden City, N.Y. :  |b Doubleday,  |c 1959. 
300 |a 192 pages ;  |c 22 cm. 
336 |a text  |b txt  |2 rdacontent 
337 |a unmediated  |b n  |2 rdamedia 
338 |a volume  |b nc  |2 rdacarrier 
650 0 |a Civilization, Modern  |y 1950- 
651 0 |a United States  |x Foreign relations  |y 1953-1961. 
999 |a MARS 
999 f f |s 3ab77f28-a65c-373d-931e-03d0cf147347  |i f01617b1-51d1-373e-af93-f7799fe173b4  |t 0 
952 f f |p ric  |a Texas A&M University  |b Rellis Campus  |c Joint Library Facility  |d Remote Storage  |t 0  |e CB425 .W28  |h Library of Congress classification  |i unmediated -- volume  |m A14800680158 
998 f f |a CB425 .W28  |t 0  |l Remote Storage